| 000 | 00535nam a2200157Ia 4500 | ||
|---|---|---|---|
| 008 | 130821s1932 xxu gr deng | ||
| 040 |
_aCo-BoUCM _bspa |
||
| 041 | 0 | 0 | _aeng |
| 245 | 0 | 0 |
_aHistory of the George Washington bicentennial celebration. _cSin MR |
| 260 |
_aWashington _bUnited States _c1932 |
||
| 300 | _a726 páginas | ||
| 600 |
_aWashington, George _d1732-1799 _vBiografĂas _9120567 |
||
| 651 |
_aEstados Unidos _xHistoria _948005 |
||
| 942 |
_cLIBRO _a21 _e1 _mH47 _2DEWEY _h923.1975 |
||
| 999 |
_c29141 _d29141 |
||